İslamiyet Öncesi Türk Tarihi - Statistics

General Stats
  • This quiz has been taken 252 times
    246 since last reset
  • The average score is 7 of 34
Answer Stats
Konu Alt Başlık / Soru Cevap % Correct
Tarihte "İlk" ler

Tarihte Bilinen İLK Türk DEVLETİ

Asya Hun Devleti
57%
ASYA HUN DEVLETİ

Tarihte İLK DEFA Orta Asya'da Türk Siyasi Birliğini sağlayan hükümdar

Mete Han
50%
ASYA HUN DEVLETİ

En Önemli Hükümdar

Mete Han
47%
ASYA HUN DEVLETİ

Başkenti

Ötüken
47%
İSKİTLER (SAKALAR)

İlk Kadın Hükümdar

Tomris Hatun
46%
ASYA HUN DEVLETİ

İlk Hükümdar

Teoman
45%
Orta Asya Kültür Merkezleri

Orta Asya'nın EN ESKİ Kültür Merkezi

Anav
39%
Tarihte "İlk" ler

"Türk" adının İLK Geçtiği Yer

Çin Yıllıkları
32%
İSKİTLER (SAKALAR)

Kadın Savaşçıların İsmi

Amazon
28%
Tarihte "İlk" ler

Tarihte Bilinen İLK Türk BOYU

İskitler (Sakalar)
26%
Türk Adının Anlamı

ÇİN Kaynakları 'na göre :

{Miğfer}
25%
Tarihte "İlk" ler

"Türkiye" adının İLK Geçtiği Yer

Bizans Kaynakları
24%
İSKİTLER (SAKALAR)

İlk / En Önemli Hükümdar

Alp Er Tunga
22%
İSKİTLER (SAKALAR)

Boşlukları doldur : (Sırayla arka arkaya yaz)

{Kurgan} isimli mezarlara, {balbal} adında taşlar diktiler.
17%
Orta Asya Kültür Merkezleri

Orta Asya'nın EN GELİŞMİŞ Kültür Merkezi

Tagar
14%
İSKİTLER (SAKALAR)

Boşluğu doldur :

{Üzengiyi} icat ettiler.
14%
Orta Asya Kültür Merkezleri

DEMİR Madeninin İlk İşlendiği Yer

Karasuk
13%
Orta Asya Kültür Merkezleri

En Eski TÜRK Kültür Merkezi

Afanesyevo
12%
İSKİTLER (SAKALAR)

Boşluğu doldur :

{Bozkırın} {Kuyumcuları} olarak bilindiler.
12%
Türk Adının Anlamı

Kaşgarlı Mahmud 'a göre : 1008-1102 | Karahanlılar | Ünlü Türk Bilgini

{Olgunluk} {Çağı}
11%
Orta Asya Kültür Merkezleri

Diğer Orta Asya Kültür Merkezi :

Andronova
10%
İSKİTLER (SAKALAR)

Boşluğu doldur :

Eserlerinde {hayvan} üslubunu kullandılar.
10%
ASYA HUN DEVLETİ

Boşluğu doldur :

{Kiok} döneminden itibaren Çin'e özenti başlamıştır.
9%
Orta Asya Kültür Merkezleri

Diğer Orta Asya Kültür Merkezi :

Altay
8%
İSKİTLER (SAKALAR)

Boşluğu doldur :

En önemli hükümdar, İran kaynaklarında {Afrasiyab} ismiyle anılır.
8%
İSKİTLER (SAKALAR)

Boşlukları doldur : (Sırayla arka arkaya yaz)

Tarihte ilk defa {atı} evcilleştirdiler ve {savaş} {aracı} olarak kullandılar.
8%
ASYA HUN DEVLETİ

Boşlukları doldur : (Sırayla arka arkaya yaz)

Doğu Hun Hükümdarı {Ho-Han-Ye} döneminde tamamen Çin'e bağlanma isteğini,Batı Hun Hükümdarı olan kardeşi {Çi-Çi} "gülünç, utanç verici, alçakça" bularak reddetmiştir.
7%
Türk Adının Anlamı

İRAN Kaynakları 'na göre :

{Güzel} {İnsan}
7%
Türk Adının Anlamı

Vambery 'e göre : 1832-1913 | Osmanlı | Macar Seyyah, Casus

{Türemek}
7%
ASYA HUN DEVLETİ

Boşlukları doldur : (Sırayla arka arkaya yaz)

{Mete Han}, {onlu} ordu sistemini ve {ıslıklı} oku bularak, tüm Dünya Askeri Tarihi'ne yön verdi.
6%
Orta Asya Kültür Merkezleri

Diğer Orta Asya Kültür Merkezi :

Kelteminar
5%
Türk Adının Anlamı

Doerfer 'a göre : 1920-2003 | Almanya | Alman Türkolog

{Devlete} {Bağlı} {Halk}
4%
Türk Adının Anlamı

Ziya Gökalp 'e göre : 1876-1924 | Osmanlı - Türkiye | Yazar, Şair, Siyasetçi

{Kanun} - {Nizam} {Sahibi}, {Töreli}
3%
Türk Adının Anlamı

DİĞER ANLAMLAR..

{Güçlü}, {Kuvvetli}, {Yalnız}
2%
No matching quizzes found
Score Distribution
Percent of People with Each Score
Percentile by Number Answered
Your Score History
You have not taken this quiz since the last reset